| 000 | 00791nam a2200253 i 4500 | ||
|---|---|---|---|
| 003 | DO-SdBNP | ||
| 005 | 20230915141453.0 | ||
| 007 | ta | ||
| 008 | 110413s2023 dr 000 0 spa d | ||
| 020 | _a978994185010 | ||
| 040 |
_aDO-SdBNP _bspa _cBNPHU _erda |
||
| 082 |
_bT683v _222 |
||
| 100 |
_aToribio, Andrés _d1950- _952164 |
||
| 245 | 1 | 0 |
_aVivencias del destino : _bcomo cuento / _cAndrés Toribio |
| 264 | 1 |
_aSanto Domingo : _bImpresora Soto Castillo, _c2023. |
|
| 300 |
_a258 páginas _c23 cm. |
||
| 336 |
_2rdacontent _atexto _btxt |
||
| 337 |
_2rdamedia _asin mediación _bn |
||
| 338 |
_2rdacarrier _avolumen _bnc |
||
| 500 | _aIncluye datos biográficos del autor en la solapa de la portada. | ||
| 590 | _aInventariado, 2023/ YL | ||
| 910 | _aYLockward | ||
| 942 |
_2ddc _cLBS1 |
||
| 999 |
_c54782 _d54782 |
||